Business process change : a manager’s guide to improving, redesigning, and automating processes /

محفوظ في:
التفاصيل البيبلوغرافية
المؤلف الرئيسي: Harmon, Paul, 1942-
التنسيق: كتاب
اللغة:Vietnamese
منشور في: Morgan Kaufmann Publishers 2003
الوسوم: إضافة وسم
لا توجد وسوم, كن أول من يضع وسما على هذه التسجيلة!
Thư viện lưu trữ: Mạng thư viện Đại học Đà Nẵng
LEADER 00727nam a2200265 4500
001 000027442
003 HA-PK
005 20150403120000.0
008 150403s vm 000 vie
020 |c 0,0000 
040 |a notts 
100 |a Harmon, Paul, 1942- 
245 |a Business process change : a manager’s guide to improving, redesigning, and automating processes /  |c Paul Harmon ; [foreword by Geary Rummler]. 
260 |b Morgan Kaufmann Publishers  |c 2003 
OWN |a LTT 
999 |a From the UDN01 
TYP |a Monograph 
TYP |a Printed language 
980 |a Mạng thư viện Đại học Đà Nẵng